| 000 | 00560pam a2200193 a 4500 | ||
|---|---|---|---|
| 020 | _c30.00 | ||
| 040 | _aMedical College Lib. | ||
| 041 |
_aENG _hENG |
||
| 082 |
_a618.97663 _bSMI |
||
| 100 | _aSmith, Nigel. | ||
| 245 |
_aContinence Promotion in General Practice Practical Guides for General Practice - 13 / _c _hTextual Documents |
||
| 260 |
_aMumbai : _bOxford Uni Press , _c1991. |
||
| 300 |
_a355 ; _c |
||
| 365 | _a30.00 | ||
| 653 |
_aGerontology _aMedical Science |
||
| 930 | _a5994 | ||
| 999 |
_c5993 _d5993 |
||